Thermodynamics (Record no. 1284)

000 -LEADER
fixed length control field 00633nam a22002294a 4500
001 - CONTROL NUMBER
control field 1284
003 - CONTROL NUMBER IDENTIFIER
control field BD-DhUET
008 - FIXED-LENGTH DATA ELEMENTS--GENERAL INFORMATION
fixed length control field 010119s2002 maua 001 0 eng
020 ## - INTERNATIONAL STANDARD BOOK NUMBER
International Standard Book Number 0070606595
040 ## - CATALOGING SOURCE
Original cataloging agency DLC
Transcribing agency DLC
Modifying agency BD-DhUET
082 00 - DEWEY DECIMAL CLASSIFICATION NUMBER
Classification number 621.01
Item number CEN/2006
100 1# - MAIN ENTRY--PERSONAL NAME
Personal name Çengel, Yunus A.
245 10 - TITLE STATEMENT
Title Thermodynamics
Remainder of title an engineering approach
250 ## - EDITION STATEMENT
Edition statement 5th ed.
260 ## - PUBLICATION, DISTRIBUTION, ETC. (IMPRINT)
Place of publication, distribution, etc. New Delhi
Name of publisher, distributor, etc. Tata McGraw-Hill
Date of publication, distribution, etc. 2006
300 ## - PHYSICAL DESCRIPTION
Extent xxxii, 946p.
Other physical details ill.
490 1# - SERIES STATEMENT
Series statement McGraw-Hill series in mechanical engineering
504 ## - BIBLIOGRAPHY, ETC. NOTE
Bibliography, etc Includes bibliographies

650 #0 - SUBJECT ADDED ENTRY--TOPICAL TERM
Topical term or geographic name as entry element Thermodynamics
700 1# - ADDED ENTRY--PERSONAL NAME
Personal name Boles, Michael A.
942 ## - ADDED ENTRY ELEMENTS (KOHA)
Koha item type General Book
Holdings
Damaged status Sublocation or collection (holding branch) Koha out on loan Koha date last seen Koha full call number Koha issues (times borrowed) Location (home branch) Copy number Price effective from Koha date last borrowed Lost status Koha normalized classification for sorting Withdrawn status Shelving location Source of classification or shelving scheme Not for loan Piece designation (barcode) Koha item type Date acquired
 Central Library, BUET2022-06-282022-06-14621.01/CEN/20069Central Library, BUET12014-09-022022-06-14 621_000000000000000_01CEN2006 Circulation section  103975General Book2014-09-02
 Central Library, BUET2018-11-192018-11-05621.01/CEN/200611Central Library, BUET22014-09-022018-11-05 621_000000000000000_01CEN2006 Circulation section  103976General Book2014-09-02
 Central Library, BUET2017-03-012016-03-01621.01/CEN/20063Central Library, BUET32014-09-232016-03-01 621_000000000000000_01CEN2006 Circulation section  103977General Book2014-09-23
 Central Library, BUET2026-04-132026-03-30621.01/CEN/200623Central Library, BUET42015-09-072026-03-30 621_010000000000000_CEN_2006 Circulation section  103978General Book2015-09-07